000 00473nam a2200181Ia 4500
003 IN-BaIIA
008 211028s9999 xx 000 0 eng d
040 _cIIA Library
080 _a550.34
_bWAL
100 _aWalker, G. W.
_9496
245 0 _aModern seismology
_cG. W. Walker
260 _aLondon
_bLongmans, Green
_c1913
300 _axii, 88p.
650 _aAstronomy and Astrophysics Thesaurus
650 _aEarthquakes
_9497
650 _aSeismology
_9498
942 _cBK
999 _c263
_d263